000 00590nam a2200205Ia 4500
008 191130s2007##################000#0#eng##
020 _a9783039105687
040 _aACL
_cACL
082 _a700.94409045 GAM
245 _aPorous boundaries : texts and images in twentieth-century French culture
_cJerome Game (ed.)
250 _a1st ed
260 _aBern
_bPeter Lang
_c2007
300 _a164 p. : ill. ; 23 cm
500 _aIncludes index
650 _aHerve castanet
700 _aGame, Jerome
990 _a595ae099ac10000c2652363c5ac380d6
991 _a301711
999 _c40151
_d40151